| 000 | 00899ntaaa2200217 4500 | ||
|---|---|---|---|
| 003 | 01 | ||
| 005 | 20251027203343.0 | ||
| 008 | 0714s1973 ag 01 | ||
| 040 |
_aAR-BaBN _bspa _cAR-BaBN _eaacr _dRIC |
||
| 100 |
_aGershwin, George _d1898-1937 _937481 |
||
| 245 |
_aRapsodia "in Blue" ; Concierto en fa, para piano y orquesta / _cGeorge Gershwin |
||
| 260 |
_aBuenos Aires : _bViscontea [distribuidor], _cc1979 |
||
| 300 |
_a1 disco son. (51 min., 15 seg.) ; _canalógico, 33 1/3 rpm, estereo ; 12 plg. |
||
| 490 |
_aLos grandes músicos ; _v81 |
||
| 500 | _aPiano: Jeffrey Siegel | ||
| 500 | _aJeffrey Siegel, piano ; Susan Slaughter, trompeta ; Orquesta Sinfónica de Saint Louis, Leonard Slatkin, director | ||
| 500 | _aFabricado por: CBS. Licencia de: Vox-Turnabout-MMG (The Moss Music Group) | ||
| 500 | _aDuraciones: 17 min., 55 seg. ; 33 min., 20 seg. | ||
| 650 | _aMUSICA | ||
| 942 | _cBK | ||
| 999 |
_c29057 _d29057 |
||